[Event "Budapest FS05 FM"]
[Site "Budapest"]
[Date "2022.05.16"]
[Round "9"]
[White "Khademvamoshir, Davoud"]
[Black "Mayer, Istvan"]
[Result "0-1"]
[WhiteElo "1660"]
[BlackElo "1784"]
[PlyCount "82"]
[EventDate "2022.05.07"]
[EventType "tourn"]
[EventRounds "10"]
[EventCountry "HUN"]
[SourceTitle "EXT 2023"]
[Source "ChessBase"]
[SourceDate "2022.10.05"]
[SourceVersion "1"]
[SourceVersionDate "2022.10.05"]
[SourceQuality "1"]

1. e4 e6 2. d4 d5 3. Nc3 dxe4 4. Nxe4 Bd7 5. Nf3 Bc6 6. Bd3 Nd7 7. 0-0 Ngf6 8. Ng3 Bd6 9. c4 Bxf3 10. Qxf3 c6 11. b3 0-0 12. Bb2 Re8 13. Rad1 Bf8 14. h4 Qa5 15. Bb1 Rad8 16. d5 cxd5 17. cxd5 Nxd5 18. Nh5 g6 19. Rxd5 Qxd5 20. Nf6+ Nxf6 21. Qxf6 e5 22. Qg5 Qd2 23. Qxd2 Rxd2 24. Bc1 Rd7 25. Be3 b6 26. Be4 Red8 27. Bf3 Ba3 28. Bg5 Be7 29. Be3 Bxh4 30. Rc1 f5 31. Bh6 Be7 32. Rc6 g5 33. Re6 Kf7 34. Rxe5 Rd1+ 35. Bxd1 Rxd1+ 36. Kh2 Bd6 37. f4 Bxe5 38. fxe5 Kg6 39. Bf8 f4 40. Bd6 Kf5 41. Bb8 g4 0-1

[Event "Budapest FS05 FM"]
[Site "Budapest"]
[Date "2022.05.13"]
[Round "6"]
[White "Khademvamoshir, Davoud"]
[Black "Gruz, Janos"]
[Result "1-0"]
[WhiteElo "1660"]
[BlackElo "1543"]
[PlyCount "89"]
[EventDate "2022.05.07"]
[EventType "tourn"]
[EventRounds "10"]
[EventCountry "HUN"]
[SourceTitle "EXT 2023"]
[Source "ChessBase"]
[SourceDate "2022.10.05"]
[SourceVersion "1"]
[SourceVersionDate "2022.10.05"]
[SourceQuality "1"]

1. e4 c5 2. Nf3 d6 3. d4 cxd4 4. Nxd4 Nf6 5. Nc3 a6 6. Be3 e5 7. Nf3 Be7 8. Bc4 0-0 9. 0-0 Qc7 10. Bd5 Nc6 11. a3 Bd7 12. h3 Rac8 13. Rc1 Na5 14. Qe2 Nc4 15. Bxc4 Qxc4 16. Qxc4 Rxc4 17. Nd2 Rcc8 18. Nd5 Nxd5 19. exd5 f5 20. f4 e4 21. c4 Bf6 22. Rb1 b5 23. Rfc1 h6 24. b3 g5 25. b4 gxf4 26. Bxf4 Bd4+ 27. Kh1 bxc4 28. Rxc4 Rxc4 29. Nxc4 Rc8 30. Nxd6 Rc2 31. a4 Bxa4 32. Nxf5 Bf6 33. Nxh6+ Kh7 34. Ng4 Kg6 35. Nxf6 Kxf6 36. Bd6 e3 37. Bc5 e2 38. Re1 Bb5 39. Kg1 a5 40. Kf2 a4 41. d6 Ke6 42. h4 a3 43. h5 a2 44. h6 Rc4 45. Rxe2+ 1-0